000 01392nam a2200313 a 4500
001 BRCA_3403
005 20190320204250.0
041 _aeng
044 _aenk
084 _a692
_b.C667
_c1922
100 1 _aCervantes Saavedra, Miguel de
_d1547-1616
_9213
245 1 0 _aThe History of Don Quixote de la Mancha
_cBy Miguel de Cervantes Saavedra.
260 _aLondres
_bConstable and Co.
_c1922
300 _axxiv, 311 p.
_bil.
_c29 cm.
_e1 lámina a color
500 _aContenido : Texto. Compendio de la primera parte
500 _aEdición : Based on Shelton´s Translation of 1620 with Illustrations by Jean de Bosschére and an Essay by J. B. Trend
500 _aCompendio de la primera parte basado en la traducción de Thomas Shelton con un ensayo sobre Cervantes y el Quijote escrito por J. B. Trend. Tela; cubierta adornada con un asunto quijotesco Lúdovik Osterc
500 _aQM1200
546 _aTexto en : inglés
650 1 4 _aNovela española
_yÉpoca clásica, 1500-1700
_9215
650 1 4 _aLiteratura española
_yÉpoca clásica, 1500-1700
_9216
650 1 4 _aNovela española
_ySiglo XVII
_9217
650 1 4 _aDon Quijote (Personaje ficticio)
_eNovela
_9218
700 1 _aBosschére, Jean de
_d1881-1953
_eIlustrador
_98933
700 1 _aTrend, J. B.
_d1887-1958
_eEditor
_98934
740 0 _aEl Ingenioso Hidalgo Don Quijote de la Mancha
902 _aQFM
942 _2lcc
_cB
999 _c3139
_d3139